000 00574nam a2200205Ia 4500
008 260428s9999 xx 000 0 und d
020 _a9789561421523
082 _a378.83 C211p 2017
100 _aCamus, Pablo
_935792
100 _aMuñoz, Enrique
_935853
245 0 _aPsicología en la UC: sesenta años de sueños y realizaciones
260 _aEdiciones Universidad Católica de Chile
260 _bSantiago, Chile
260 _c2017
300 _a196p.
650 _aChile
_9121
650 _aPsicología
_980
650 _aUniversidades
_990
942 _clibro
999 _c20528
_d20528